000 00607nam a2200253Ia 4500
003 OSt
005 20220918200423.0
006 a|||||r|||| 00| 0
007 ta
008 220917b |||||||| |||| 00| 0 eng d
024 _a88,677
037 _cTextual
040 _aARTS
_cARTS
_beng
041 _2eng
_aeng
082 _aU21, K01;L2
100 _aSparks B W
_993958
245 0 _aGeomorphology
250 _a2nd
260 _c1972
490 _aGeographies for advances study
650 _aMORPHOLOGY
942 _hU21, K01;L2
_cTEXL
_2CC
999 _c212347
_d212347